| 000 | 00465 a2200169 4500 | ||
|---|---|---|---|
| 020 | _a9698373020 | ||
| 040 |
_aDLC _bDLC |
||
| 082 | _a297.1977092 | ||
| 100 | 1 | _aIqbal S. Hussain. | |
| 245 | 1 | 0 |
_aTerrorism in action : civilizations at war _cIqbal S. Hussain. |
| 246 | 1 | _aIslam, a target of western imperialism | |
| 250 | _a1st ed. | ||
| 260 |
_a[S.l. : _bs.n.], _c2003. |
||
| 300 |
_a382 p. ; _c22 cm. |
||
| 650 | _aTerrorism. | ||
| 942 |
_cBK _k297.1977092 IQB _2ddc |
||
| 999 |
_c7125 _d7125 |
||